An introduction to management science. Quantitative approaches to decision making

Sábháilte in:
Sonraí bibleagrafaíochta
Príomhchruthaitheoirí: Anderson, David R (Údar), Sweeney, Dennis J (Údar), Williams, Thomas A (Údar), Camm, Jeffrey D (Údar), Martin, Kipp (Údar)
Formáid: LEABHAR
Teanga:Béarla
Foilsithe / Cruthaithe: Mason, OH, USA South-Western Cengage Learning 2012
Eagrán:Revised thirteenth edition
Ábhair:
Clibeanna: Cuir clib leis
Níl clibeanna ann, Bí ar an gcéad duine le clib a chur leis an taifead seo!

MARC

LEADER 00000cam a2200000 a 4500
001 UCE0910
003 CL-VaPUC
005 20231213190719.0
008 140317e20120000us |||||||||||||||||eng|d
999 |c 354914  |d 354912 
020 |a 9781111532246 
040 |c Pontificia Universidad Católica de Valparaíso 
082 0 4 |a 658.403 AND 2012  |2 21 
100 0 |a Anderson, David R  |e author  |9 573304 
245 1 3 |a An introduction to management science.  |b Quantitative approaches to decision making 
250 |a Revised thirteenth edition 
260 |a Mason, OH, USA  |b South-Western Cengage Learning  |c 2012 
300 |a 863 páginas  
500 |a Incluye CD 
583 |a last modification  |c 20140317 10:17:00  |k Rodrigo Vera 
650 0 |a Toma de decisiones   |9 257530 
650 0 |a Modelos matemáticos   |9 259437 
650 0 |a Administración de empresas   |9 260833 
650 0 |a Proceso de datos   |9 259776 
700 0 |a Sweeney, Dennis J  |e author  |9 573305 
700 0 |a Williams, Thomas A  |e author  |9 573306 
700 0 |a Camm, Jeffrey D  |e author  |9 573307 
700 0 |a Martin, Kipp  |e author  |9 573308 
852 |a BIBCUR 
942 |c BK  |2 ddc 
945 |d 20140317 10:17:00  |a dcastane 
952 |0 0  |1 0  |3 erd  |4 0  |6 658_403000000000000_AND_2012  |7 0  |8 A  |9 461139  |a BIBALI  |b BIBALI  |c GEN  |i 5060753  |l 6  |m 4  |o 658.403 AND 2012  |p 5060753  |q 2025-07-31  |r 2023-07-12  |s 2023-07-12  |w 2019-11-23  |y BK  |z Catalogado en:20140317  |k ALI 
952 |0 0  |1 0  |2 ddc  |4 0  |6 658_403000000000000_AND_2012  |7 0  |8 A  |9 577268  |a BIBALI  |b BIBALI  |d 2020-12-22  |e 1  |g 35788.00  |i 5580595  |o 658.403 AND 2012  |p 5580595  |r 2025-01-20  |t 2  |v 35788.00  |w 2020-12-22  |y BK  |k ALI